[Event "First Saturday 2012 marcius FM"]
[Site "Budapest"]
[Date "2012.03.03"]
[Round "1"]
[White "Farkas, Richard"]
[Black "Borda, Lajos"]
[Result "1/2-1/2"]
[WhiteElo "2111"]
[BlackElo "2100"]
[PlyCount "116"]
[EventDate "2012.03.03"]

1. e4 c5 2. Nf3 g6 3. c3 d6 4. d4 Qc7 5. Be3 Nf6 6. Bd3 Bg4 7. Nbd2 e5 8. h3
Bxf3 9. Nxf3 Be7 10. O-O O-O 11. dxc5 dxc5 12. Qe2 Nc6 13. Nd2 Rad8 14. a4 a6
15. Nc4 b5 16. axb5 axb5 17. Nd2 c4 18. Bc2 Rfe8 19. Ra6 Nd7 20. b3 Ndb8 21.
Rb6 Nd4 22. cxd4 Qxb6 23. d5 Bc5 24. Bxc5 Qxc5 25. bxc4 bxc4 26. Nxc4 Rc8 27.
Bd3 Nd7 28. Kh2 f5 29. f3 fxe4 30. fxe4 Rf8 31. Qg4 Rxf1 32. Bxf1 Qe7 33. Qe6+
Kf8 34. Nd6 Rb8 35. Nc4 Rd8 36. Na5 Qxe6 37. dxe6 Nc5 38. e7+ Kxe7 39. Nc6+ Kd7
40. Nxd8 Kxd8 41. g4 Nxe4 42. h4 Ke7 43. g5 Nd6 44. Be2 Ke6 45. Kg3 Kf5 46.
Bg4+ Ke4 47. Be6 Nf5+ 48. Kg4 Ne7 49. h5 Ke3 50. h6 Kf2 51. Bc4 Nc8 52. Bg8 e4
53. Bxh7 e3 54. Bxg6 e2 55. h7 e1=Q 56. h8=Q Qg1+ 57. Kf5 Qb1+ 58. Ke6 Qb6+
1/2-1/2

[Event "First Saturday 2012 marcius FM"]
[Site "Budapest"]
[Date "2012.03.03"]
[Round "1"]
[White "Lukacs, Albert"]
[Black "Mayer, Istvan"]
[Result "1-0"]
[WhiteElo "1735"]
[BlackElo "2063"]
[PlyCount "47"]
[EventDate "2012.03.03"]

1. e4 e6 2. d4 d5 3. exd5 exd5 4. Nf3 Nf6 5. Bd3 Bg4 6. h3 Bh5 7. g4 Bg6 8. Bg5
Nbd7 9. Qe2+ Be7 10. Nc3 Bxd3 11. Qxd3 Nxg4 12. hxg4 Bxg5 13. Nxd5 c6 14. Nxg5
Qa5+ 15. Kf1 Qxd5 16. Re1+ Kf8 17. Rxh7 Qh1+ 18. Rxh1 Rxh1+ 19. Ke2 Re8+ 20.
Ne4 Rh2 21. Kd1 Kg8 22. g5 Rd8 23. Qg3 Rh5 24. Qc7 1-0

[Event "First Saturday 2012 marcius FM"]
[Site "Budapest"]
[Date "2012.03.03"]
[Round "1"]
[White "Juracsik, Jozsef"]
[Black "Nadassy, Attila"]
[Result "0-1"]
[WhiteElo "2147"]
[BlackElo "2062"]
[PlyCount "90"]
[EventDate "2012.03.03"]

1. e4 d5 2. Nc3 dxe4 3. Nxe4 Bf5 4. Qf3 Bxe4 5. Qxe4 c6 6. Bc4 Nf6 7. Qe2 e6 8.
Nf3 Be7 9. d4 O-O 10. Bd2 Nbd7 11. O-O-O b5 12. Bd3 Nb6 13. Kb1 a5 14. g4 b4
15. g5 Nfd5 16. Qe4 g6 17. h4 Na4 18. Ka1 Nac3 19. bxc3 bxc3 20. Be3 Ba3 21.
Bc1 Qe7 22. Ne5 Bb2+ 23. Bxb2 cxb2+ 24. Kxb2 Qb4+ 25. Kc1 Nc3 26. Rde1 Nxa2+
27. Kd1 Nc3+ 28. Kc1 Nxe4 29. Rxe4 Qc3 30. Rh3 Rab8 31. h5 Rb7 32. Ng4 Rfb8 33.
Nf6+ Kf8 34. Kd1 Rb1+ 35. Ke2 Re1+ 36. Kf3 Rxe4 37. Nxe4 Qxd4 38. hxg6 hxg6 39.
Nf6 Ke7 40. Rh7 Rb4 41. Be4 Qe5 42. Ng8+ Kd6 43. Nf6 Qxg5 44. Rxf7 Qh4 45. Ne8+
Ke5 0-1

[Event "First Saturday 2012 marcius FM"]
[Site "Budapest"]
[Date "2012.03.04"]
[Round "2"]
[White "Gal, Hanna Krisztina"]
[Black "Lukacs, Albert"]
[Result "1/2-1/2"]
[WhiteElo "1914"]
[BlackElo "1735"]
[PlyCount "48"]
[EventDate "2012.03.03"]

1. e4 c5 2. Nf3 e6 3. c4 Nc6 4. d4 cxd4 5. Nxd4 Qb6 6. Nb5 Nf6 7. N1c3 a6 8.
Nd6+ Bxd6 9. Qxd6 Qb4 10. e5 Ng4 11. f4 Nh6 12. Bd3 f5 13. Qxb4 Nxb4 14. Bb1 g5
15. g3 Rg8 16. a3 Nc6 17. Be3 gxf4 18. gxf4 Rg2 19. b4 Ng4 20. Bg1 b5 21. h3
Ngxe5 22. fxe5 Nxe5 23. Kf1 Bb7 24. Rh2 Rg3 1/2-1/2

[Event "First Saturday 2012 marcius FM"]
[Site "Budapest"]
[Date "2012.03.04"]
[Round "2"]
[White "Darazs, Zoltan"]
[Black "Havaskori, Laszlo"]
[Result "1-0"]
[WhiteElo "2107"]
[BlackElo "1977"]
[PlyCount "65"]
[EventDate "2012.03.03"]

1. e4 c5 2. Nf3 d6 3. d4 cxd4 4. Nxd4 Nf6 5. Nc3 a6 6. Bg5 h6 7. Bxf6 gxf6 8.
Qd2 Nc6 9. O-O-O h5 10. f4 Qa5 11. Nb3 Qd8 12. Be2 Be6 13. Nd5 Rc8 14. Kb1 f5
15. exf5 Bxf5 16. Rhe1 Bg7 17. Bd3 Bg4 18. Rc1 Kf8 19. f5 h4 20. h3 Bh5 21. Nf4
Bf6 22. Nd5 Be5 23. Qg5 a5 24. f6 exf6 25. Qxh4 f5 26. Qa4 Bg6 27. Rf1 Rh4 28.
g4 Kg7 29. Bxf5 Bxf5 30. Rxf5 Rxh3 31. Rcf1 Rc7 32. Nxc7 Qxc7 33. Qc4 1-0

[Event "First Saturday 2012 marcius FM"]
[Site "Budapest"]
[Date "2012.03.05"]
[Round "3"]
[White "Farkas, Richard"]
[Black "Darazs, Zoltan"]
[Result "1-0"]
[WhiteElo "2111"]
[BlackElo "2107"]
[PlyCount "77"]
[EventDate "2012.03.03"]

1. e4 e5 2. Nf3 Nc6 3. Bb5 a6 4. Bxc6 dxc6 5. O-O f6 6. d4 exd4 7. Nxd4 c5 8.
Nb3 Qxd1 9. Rxd1 Bd6 10. Na5 Nh6 11. Bxh6 gxh6 12. Nc4 Be7 13. Nc3 Be6 14. Ne3
c6 15. b3 Rd8 16. f4 Bd6 17. g3 h5 18. Ne2 h4 19. Kf2 h5 20. gxh4 Kf7 21. Rg1
Rde8 22. Kf3 b5 23. a4 c4 24. bxc4 Bc5 25. f5 Bc8 26. axb5 axb5 27. cxb5 cxb5
28. Ng3 Bb7 29. Rgd1 Bxe3 30. Kxe3 Re7 31. Rd4 Rg8 32. Nxh5 Rg2 33. c3 Rxh2 34.
Nf4 Rxh4 35. Ra5 Rc7 36. Ne6 Rh3+ 37. Kd2 Rh2+ 38. Kd1 Re7 39. Rd8 1-0

[Event "First Saturday 2012 marcius FM"]
[Site "Budapest"]
[Date "2012.03.05"]
[Round "3"]
[White "Lukacs, Albert"]
[Black "Borda, Lajos"]
[Result "0-1"]
[WhiteElo "1735"]
[BlackElo "2100"]
[PlyCount "72"]
[EventDate "2012.03.03"]

1. e4 c5 2. Nf3 a6 3. c3 d6 4. d4 Qc7 5. Bf4 Nd7 6. e5 e6 7. Qa4 Rb8 8. Na3 b5
9. Bxb5 axb5 10. Nxb5 Qb6 11. c4 d5 12. b3 Bb7 13. Be3 Bc6 14. O-O Ra8 15. dxc5
Bxc5 16. Bxc5 Qxc5 17. Nd6+ Ke7 18. b4 Rxa4 19. bxc5 Nh6 20. Nd4 Ra6 21. f4
dxc4 22. Nxc4 Bd5 23. Ne3 Nxc5 24. g4 Be4 25. Rac1 Rd8 26. g5 Ng8 27. Rxc5 Rxd4
28. Rc8 Rd8 29. Rfc1 Ra8 30. R1c7+ Ke8 31. Rxa8 Rxa8 32. Nc4 Ne7 33. Nd6+ Kd8
34. Rxe7 Kxe7 35. Nxe4 Rxa2 36. Nf2 g6 0-1

[Event "First Saturday 2012 marcius FM"]
[Site "Budapest"]
[Date "2012.03.05"]
[Round "3"]
[White "Juracsik, Jozsef"]
[Black "Gal, Hanna Krisztina"]
[Result "0-1"]
[WhiteElo "2147"]
[BlackElo "1914"]
[PlyCount "70"]
[EventDate "2012.03.03"]

1. e4 c5 2. Nf3 e6 3. d4 cxd4 4. Nxd4 a6 5. Be2 Nf6 6. Nc3 Bb4 7. e5 Ne4 8. Qd3
Qc7 9. Qxe4 Bxc3+ 10. Kd1 Ba5 11. Bd3 Nc6 12. Nxc6 dxc6 13. c3 c5 14. Kc2 Bd7
15. Be3 O-O-O 16. Bg5 Rde8 17. f4 Bc6 18. Qe2 b5 19. a4 c4 20. Be4 Bb6 21. axb5
axb5 22. Rhd1 Bc5 23. Ra6 Bb7 24. Bxb7+ Qxb7 25. Rda1 Kc7 26. f5 Rhf8 27. Bf4
g6 28. g4 gxf5 29. gxf5 Rg8 30. Bg3 h5 31. b4 cxb3+ 32. Kxb3 h4 33. Bxh4 Qd5+
34. c4 bxc4+ 35. Ka4 Ra8 0-1

[Event "First Saturday 2012 marcius FM"]
[Site "Budapest"]
[Date "2012.03.05"]
[Round "3"]
[White "Nadassy, Attila"]
[Black "Mayer, Istvan"]
[Result "1/2-1/2"]
[WhiteElo "2062"]
[BlackElo "2063"]
[PlyCount "63"]
[EventDate "2012.03.03"]

1. d4 d5 2. Nc3 g6 3. Bf4 Bg7 4. Qd2 c6 5. O-O-O Nd7 6. Nf3 Ngf6 7. Ne5 O-O 8.
f3 Qa5 9. Kb1 Re8 10. g4 Nf8 11. Bh6 Bh8 12. h4 N6d7 13. Nxd7 Bxd7 14. h5 e5
15. e3 Ne6 16. hxg6 fxg6 17. Qh2 exd4 18. exd4 Re7 19. Ne2 Qc7 20. Qh4 Rf7 21.
f4 Re8 22. c3 Bg7 23. f5 gxf5 24. gxf5 Nf8 25. Ng3 Bxh6 26. Qxh6 Qxg3 27. Bd3
Rg7 28. f6 Rg6 29. Bxg6 Qxg6+ 30. Kc1 Qxh6+ 31. Rxh6 Re2 32. Rg1+ 1/2-1/2

[Event "First Saturday 2012 marcius FM"]
[Site "Budapest"]
[Date "2012.03.06"]
[Round "4"]
[White "Gal, Hanna Krisztina"]
[Black "Nadassy, Attila"]
[Result "1/2-1/2"]
[WhiteElo "1914"]
[BlackElo "2062"]
[PlyCount "134"]
[EventDate "2012.03.03"]

1. e4 d5 2. exd5 Qxd5 3. Nc3 Qd6 4. d4 Nf6 5. Nge2 c6 6. Bf4 Qd8 7. Ng3 g6 8.
Be2 Bg7 9. Qd2 O-O 10. O-O Re8 11. Rad1 Nd5 12. Nxd5 cxd5 13. Be5 e6 14. Bxg7
Kxg7 15. Rfe1 a6 16. Nf1 b5 17. Ne3 Nc6 18. Ng4 g5 19. Qc3 Ne7 20. Qh3 Ng8 21.
Qh5 Rf8 22. Bd3 f5 23. Ne5 Qf6 24. Re3 Qh6 25. Qxh6+ Nxh6 26. Rg3 g4 27. f4 Nf7
28. Nxf7 Kxf7 29. h3 h5 30. h4 Bd7 31. Re3 Kf6 32. g3 b4 33. Kf2 a5 34. Bf1
Rfc8 35. Rd2 Rc7 36. Bd3 a4 37. Rde2 Rb8 38. b3 Ra8 39. Re1 axb3 40. axb3 Ra2
41. Ke2 Rc3 42. Kf1 Bc8 43. R1e2 Rc6 44. Rd2 Ba6 45. Bxa6 Raxa6 46. Kf2 Ra2 47.
Ree2 Rc3 48. Kg2 Rb2 49. Kf2 Rf3+ 50. Kg2 Rb1 51. Rf2 Rc3 52. Rfe2 Rc1 53. Rf2
Re3 54. Rfe2 Rxe2+ 55. Rxe2 Rd1 56. Re3 Rxd4 57. c3 Rd2+ 58. Kf1 d4 59. cxd4
Rxd4 60. Ke2 Re4 61. Rxe4 fxe4 62. Ke3 Kf5 63. Kd4 e5+ 64. fxe5 e3 65. Kxe3
Kxe5 66. Kd3 Kd5 67. Ke3 Ke5 1/2-1/2

[Event "First Saturday 2012 marcius FM"]
[Site "Budapest"]
[Date "2012.03.06"]
[Round "4"]
[White "Borda, Lajos"]
[Black "Juracsik, Jozsef"]
[Result "1/2-1/2"]
[WhiteElo "2100"]
[BlackElo "2147"]
[PlyCount "20"]
[EventDate "2012.03.03"]

1. e4 c5 2. Nc3 Nc6 3. g3 g6 4. Bg2 Bg7 5. d3 e6 6. f4 Nge7 7. Nh3 O-O 8. Nf2
d6 9. Ne2 d5 10. c3 dxe4 1/2-1/2

[Event "First Saturday 2012 marcius FM"]
[Site "Budapest"]
[Date "2012.03.06"]
[Round "4"]
[White "Havaskori, Laszlo"]
[Black "Farkas, Richard"]
[Result "0-1"]
[WhiteElo "1977"]
[BlackElo "2111"]
[PlyCount "68"]
[EventDate "2012.03.03"]

1. e4 c5 2. Nc3 e6 3. g3 Nc6 4. Bg2 g6 5. d3 Bg7 6. Nge2 Nge7 7. O-O O-O 8. Be3
Nd4 9. Qd2 Rb8 10. a4 Nec6 11. Nb5 d6 12. Bxd4 cxd4 13. c3 dxc3 14. bxc3 a6 15.
Na3 b5 16. d4 b4 17. Nc4 a5 18. e5 d5 19. Nd6 Ba6 20. c4 b3 21. Nb5 Nb4 22. c5
Bxb5 23. axb5 Rxb5 24. Nc3 Rb7 25. Rfb1 Nc2 26. Ra4 Qc7 27. Bf1 Rfb8 28. Ba6
Rb4 29. Rxb4 Rxb4 30. Ne2 Qc6 31. Bd3 Nxd4 32. Nxd4 Rxd4 33. Rxb3 Qxc5 34. Rb8+
Bf8 0-1

[Event "First Saturday 2012 marcius FM"]
[Site "Budapest"]
[Date "2012.03.07"]
[Round "5"]
[White "Lukacs, Albert"]
[Black "Darazs, Zoltan"]
[Result "0-1"]
[WhiteElo "1735"]
[BlackElo "2107"]
[PlyCount "112"]
[EventDate "2012.03.03"]

1. e4 e5 2. Bc4 Nf6 3. Nc3 Nc6 4. Nf3 Nxe4 5. O-O Nxc3 6. dxc3 Be7 7. Qd5 O-O
8. Nxe5 Nxe5 9. Qxe5 Bf6 10. Qh5 g6 11. Qf3 c6 12. Bh6 Bg7 13. Bxg7 Kxg7 14.
Rad1 d5 15. Qg3 Qb6 16. Bb3 a5 17. a4 Bf5 18. Rd4 Rfe8 19. Rf4 Qc7 20. c4 Re4
21. Rxe4 Qxg3 22. hxg3 dxe4 23. c5 Rd8 24. Re1 Rd2 25. g4 Bxg4 26. Rxe4 Bf5 27.
Re7 Rd7 28. Re2 Kf6 29. f3 Be6 30. Re3 Rd2 31. Bxe6 fxe6 32. Rc3 h5 33. Rc4 g5
34. Kh2 Kf5 35. Kg3 e5 36. b3 Rd4 37. Rc3 h4+ 38. Kh3 Kf4 39. Kh2 g4 40. fxg4
Kxg4 41. Rf3 Rd7 42. Rf6 e4 43. Kg1 Rd2 44. Re6 Kg3 45. Rg6+ Kf4 46. Rf6+ Ke3
47. Rh6 Rxc2 48. Rxh4 Kd3 49. Rh7 Rc1+ 50. Kh2 e3 51. Rd7+ Kc3 52. Re7 Kd2 53.
Rd7+ Ke1 54. Rxb7 e2 55. b4 axb4 56. Rxb4 Kd2 0-1

[Event "First Saturday 2012 marcius FM"]
[Site "Budapest"]
[Date "2012.03.07"]
[Round "5"]
[White "Nadassy, Attila"]
[Black "Borda, Lajos"]
[Result "0-1"]
[WhiteElo "2062"]
[BlackElo "2100"]
[PlyCount "86"]
[EventDate "2012.03.03"]

1. d4 Nf6 2. Nc3 e6 3. e4 d6 4. Be2 Nbd7 5. Nf3 Be7 6. O-O a6 7. a4 b6 8. e5
Ng8 9. Bf4 d5 10. Na2 Bb7 11. b4 Nf8 12. c3 Ng6 13. Be3 f5 14. Bd3 Nh6 15. Qc1
Nf7 16. Ne1 Ng5 17. g3 O-O 18. Bxg5 Bxg5 19. f4 Be7 20. Qd1 Nh8 21. h4 Nf7 22.
Rf2 Nh6 23. Be2 c5 24. Bf3 Qd7 25. Nd3 cxd4 26. cxd4 Rfc8 27. Qb3 Rc4 28. Nb2
Rxd4 29. Qc3 Re4 30. Bxe4 fxe4 31. Rc2 Rc8 32. Qb3 Rxc2 33. Qxc2 Nf5 34. Rc1
Bd8 35. Kh2 Nd4 36. Qd1 Nf3+ 37. Kg2 d4 38. Nc3 e3 39. Kh3 Nd2 40. Nb1 Qd5 41.
Nxd2 Qg2+ 42. Kg4 exd2 43. Qb3 Bf3+ 0-1

[Event "First Saturday 2012 marcius FM"]
[Site "Budapest"]
[Date "2012.03.07"]
[Round "5"]
[White "Mayer, Istvan"]
[Black "Gal, Hanna Krisztina"]
[Result "1-0"]
[WhiteElo "2063"]
[BlackElo "1914"]
[PlyCount "75"]
[EventDate "2012.03.03"]

1. e4 c5 2. Nf3 e6 3. d4 cxd4 4. Nxd4 a6 5. c4 Nf6 6. Nc3 Qc7 7. a3 Be7 8. g3
b6 9. b3 Bb7 10. Bg2 d6 11. O-O Nbd7 12. Bb2 O-O 13. Qe2 Rfe8 14. g4 Nb8 15.
Rac1 Nc6 16. Nxc6 Qxc6 17. g5 Nd7 18. h4 Rac8 19. f4 Nc5 20. Qd1 Qc7 21. b4 Nd7
22. Ne2 Bf8 23. h5 e5 24. Qd2 exf4 25. Nxf4 Ne5 26. Bh3 Rb8 27. g6 fxg6 28.
hxg6 h6 29. Be6+ Kh8 30. Nd5 Qd8 31. Bf7 Nxf7 32. Rxf7 Qh4 33. Qf4 Qh5 34. Qf5
Qh4 35. Rf1 Qg3+ 36. Kh1 Qh4+ 37. Kg2 Qd8 38. Rxg7 1-0

[Event "First Saturday 2012 marcius FM"]
[Site "Budapest"]
[Date "2012.03.08"]
[Round "6"]
[White "Borda, Lajos"]
[Black "Mayer, Istvan"]
[Result "1-0"]
[WhiteElo "2100"]
[BlackElo "2063"]
[PlyCount "29"]
[EventDate "2012.03.03"]

1. e4 e6 2. d4 d5 3. e5 c5 4. c3 Nc6 5. Nf3 Qa5 6. dxc5 Qc7 7. Be3 Bd7 8. Bd4
f6 9. exf6 gxf6 10. Ng5 h5 11. Qc2 Ne5 12. f4 Bxc5 13. Bxe5 fxe5 14. Qg6+ Ke7
15. Qg7+ 1-0

[Event "First Saturday 2012 marcius FM"]
[Site "Budapest"]
[Date "2012.03.08"]
[Round "6"]
[White "Darazs, Zoltan"]
[Black "Juracsik, Jozsef"]
[Result "1/2-1/2"]
[WhiteElo "2107"]
[BlackElo "2147"]
[PlyCount "31"]
[EventDate "2012.03.03"]

1. e4 e5 2. Nf3 Nc6 3. Bb5 a6 4. Ba4 Nf6 5. O-O Be7 6. Re1 b5 7. Bb3 d6 8. c3
O-O 9. d4 Bg4 10. d5 Na5 11. Bc2 c6 12. h3 Bc8 13. dxc6 Qc7 14. Bg5 Qxc6 15.
Nbd2 Be6 16. Nf1 1/2-1/2

[Event "First Saturday 2012 marcius FM"]
[Site "Budapest"]
[Date "2012.03.08"]
[Round "6"]
[White "Havaskori, Laszlo"]
[Black "Lukacs, Albert"]
[Result "1-0"]
[WhiteElo "1977"]
[BlackElo "1735"]
[PlyCount "66"]
[EventDate "2012.03.03"]

1. d4 b5 2. e3 a6 3. Nf3 Bb7 4. c4 bxc4 5. Bxc4 e6 6. Nc3 Nf6 7. O-O d5 8. Bd3
c5 9. a3 Nbd7 10. Qe2 Qc7 11. Re1 e5 12. e4 c4 13. Bc2 O-O-O 14. exd5 exd4 15.
Nxd4 Bd6 16. g3 h5 17. Nf5 Be5 18. d6 Bxd6 19. Nxd6+ Qxd6 20. Qxc4+ Qc5 21.
Qxc5+ Nxc5 22. Bf5+ Ne6 23. Bf4 Bf3 24. Bxe6+ fxe6 25. Rxe6 Rd7 26. Rb6 Bb7 27.
Rc1 Kd8 28. Bg5 Ke7 29. Re1+ Kf7 30. Bxf6 gxf6 31. Ree6 Rh6 32. h4 Kg7 33. Kf1
Rf7 1-0

[Event "First Saturday 2012 marcius FM"]
[Site "Budapest"]
[Date "2012.03.09"]
[Round "7"]
[White "Lukacs, Albert"]
[Black "Farkas, Richard"]
[Result "0-1"]
[WhiteElo "1735"]
[BlackElo "2111"]
[PlyCount "74"]
[EventDate "2012.03.03"]

1. e4 c5 2. Nf3 e6 3. d4 cxd4 4. Nxd4 a6 5. c4 Nf6 6. f3 Be7 7. Nc3 Qc7 8. Be2
b6 9. Be3 Bb7 10. a3 d6 11. Qd2 Nbd7 12. b4 Ne5 13. Rc1 Rc8 14. O-O h5 15. Na4
h4 16. Kh1 h3 17. Rg1 hxg2+ 18. Rxg2 g6 19. Bf4 Ned7 20. c5 b5 21. Bxb5 axb5
22. Bxd6 Qd8 23. Nxb5 Bc6 24. Bxe7 Kxe7 25. Qd6+ Ke8 26. Nac3 Nb8 27. Qf4 Kf8
28. Nd6 Rc7 29. Rcg1 Nh5 30. Qe5 Qf6 31. Nxf7 Rxf7 32. Qxb8+ Be8 33. Qd6+ Re7
34. e5 Qxf3 35. Ne4 Qxe4 36. Rf1+ Nf4 37. Kg1 Qxg2# 0-1

[Event "First Saturday 2012 marcius FM"]
[Site "Budapest"]
[Date "2012.03.09"]
[Round "7"]
[White "Juracsik, Jozsef"]
[Black "Havaskori, Laszlo"]
[Result "1-0"]
[WhiteElo "2147"]
[BlackElo "1977"]
[PlyCount "61"]
[EventDate "2012.03.03"]

1. e4 c5 2. Nf3 d6 3. d4 cxd4 4. Nxd4 Nf6 5. Nc3 a6 6. Be2 e5 7. Nf3 Be7 8. O-O
O-O 9. Re1 Nc6 10. h3 Be6 11. Bf1 Rc8 12. Nd5 Bxd5 13. exd5 Nb8 14. c4 Nbd7 15.
b4 a5 16. a3 Qc7 17. Bb2 Ra8 18. Nd4 Rfe8 19. Nb5 Qb6 20. Rc1 axb4 21. axb4 Ra2
22. Qb3 Rea8 23. Re3 Nh5 24. Rec3 Bg5 25. R1c2 e4 26. c5 dxc5 27. bxc5 Qg6 28.
c6 bxc6 29. dxc6 e3 30. cxd7 exf2+ 31. Rxf2 1-0

[Event "First Saturday 2012 marcius FM"]
[Site "Budapest"]
[Date "2012.03.09"]
[Round "7"]
[White "Nadassy, Attila"]
[Black "Darazs, Zoltan"]
[Result "1-0"]
[WhiteElo "2062"]
[BlackElo "2107"]
[PlyCount "37"]
[EventDate "2012.03.03"]

1. d4 Nf6 2. Nc3 d5 3. Bf4 g6 4. Qd2 Bg7 5. O-O-O O-O 6. e3 c5 7. dxc5 Qa5 8.
Nxd5 Qxa2 9. Nxe7+ Kh8 10. Qb4 Nc6 11. Nxc6 bxc6 12. Bc4 Nd5 13. Bxa2 Nxb4 14.
Bb3 Bf5 15. Nf3 a5 16. Bd6 Rfd8 17. Ng5 Ra7 18. Nxf7+ Rxf7 19. Bxf7 1-0

[Event "First Saturday 2012 marcius FM"]
[Site "Budapest"]
[Date "2012.03.09"]
[Round "7"]
[White "Gal, Hanna Krisztina"]
[Black "Borda, Lajos"]
[Result "1-0"]
[WhiteElo "1914"]
[BlackElo "2100"]
[PlyCount "77"]
[EventDate "2012.03.03"]

1. e4 c5 2. Nf3 a6 3. c4 d6 4. d4 Qc7 5. Nc3 e6 6. Be3 b6 7. Be2 Nf6 8. h3 Be7
9. O-O Bb7 10. d5 e5 11. Nd2 Nbd7 12. f4 exf4 13. Bxf4 Ne5 14. Nf3 Ng6 15. Bh2
Nd7 16. Qd2 O-O 17. Nd1 Bf6 18. Ne3 Nde5 19. Nf5 Rad8 20. Ne1 Rfe8 21. g4 Be7
22. Bg3 Bc8 23. Ng2 Bf8 24. Kh1 Nd7 25. Bd3 Nge5 26. Bh4 f6 27. Be2 Nf7 28. Nf4
Nde5 29. Nh5 Bxf5 30. gxf5 Qe7 31. Rg1 Nxc4 32. Qf4 Ng5 33. Bxg5 fxg5 34. Rxg5
b5 35. Bf3 Qe5 36. Qg4 Nd2 37. f6 Qxg5 38. Qxg5 Nxf3 39. f7+ 1-0

[Event "First Saturday 2012 marcius FM"]
[Site "Budapest"]
[Date "2012.03.10"]
[Round "8"]
[White "Havaskori, Laszlo"]
[Black "Nadassy, Attila"]
[Result "1/2-1/2"]
[WhiteElo "1977"]
[BlackElo "2062"]
[PlyCount "129"]
[EventDate "2012.03.03"]

1. d4 Nf6 2. Nf3 d6 3. g3 c6 4. Bg2 h6 5. c4 Bf5 6. Nc3 Nbd7 7. O-O e5 8. e3
Be7 9. Re1 O-O 10. a3 Qc7 11. b3 Rfe8 12. Bb2 Rad8 13. Nh4 Bh7 14. Bh3 Bf8 15.
Bf5 g6 16. Bc2 Bg7 17. Qd2 Nf8 18. d5 Qd7 19. e4 Qh3 20. Bd3 Nh5 21. Bf1 Qd7
22. Qe2 Nf6 23. Ng2 Qc7 24. b4 Rc8 25. Ne3 Qd7 26. Rad1 c5 27. f3 b6 28. Ra1
Rb8 29. b5 Re7 30. Reb1 Ne8 31. Ncd1 a5 32. bxa6 Qa4 33. Nc3 Qxa6 34. Nb5 Qc8
35. Nd1 Qd8 36. Bh3 f5 37. Ndc3 Nd7 38. Na7 Ndf6 39. Nc6 Qc7 40. Nxb8 Qxb8 41.
a4 fxe4 42. fxe4 g5 43. Be6+ Kh8 44. g4 Nc7 45. Bf5 Qe8 46. Nb5 Nxb5 47. axb5
h5 48. h3 Bxf5 49. gxf5 h4 50. Bc1 Bh6 51. Kh1 Nh5 52. Qg4 Nf6 53. Qg2 Qh5 54.
Be3 Rg7 55. Ra8+ Kh7 56. Rg1 g4 57. Bxh6 Qxh6 58. hxg4 Rxg4 59. Ra7+ Kh8 60.
Qxg4 Nxg4 61. Rxg4 Qc1+ 62. Kh2 Qd2+ 63. Kh3 Qe3+ 64. Kxh4 Qh6+ 65. Kg3 1/2-1/2

[Event "First Saturday 2012 marcius FM"]
[Site "Budapest"]
[Date "2012.03.10"]
[Round "8"]
[White "Farkas, Richard"]
[Black "Juracsik, Jozsef"]
[Result "1/2-1/2"]
[WhiteElo "2111"]
[BlackElo "2147"]
[PlyCount "33"]
[EventDate "2012.03.03"]

1. e4 c5 2. Nf3 d6 3. d4 cxd4 4. Nxd4 Nf6 5. Nc3 g6 6. Be3 Bg7 7. f3 Nc6 8. Qd2
O-O 9. O-O-O Bd7 10. a4 Rc8 11. h4 Qa5 12. Kb1 h5 13. g4 Ne8 14. Nb3 Bxc3 15.
Nxa5 Bxd2 16. Bxd2 Nxa5 17. Bxa5 1/2-1/2

[Event "First Saturday 2012 marcius FM"]
[Site "Budapest"]
[Date "2012.03.11"]
[Round "9"]
[White "Nadassy, Attila"]
[Black "Farkas, Richard"]
[Result "1/2-1/2"]
[WhiteElo "2062"]
[BlackElo "2111"]
[PlyCount "77"]
[EventDate "2012.03.03"]

1. d4 d5 2. Nc3 Nf6 3. Bf4 c5 4. e3 a6 5. dxc5 e6 6. Na4 Bxc5 7. Nxc5 Qa5+ 8.
c3 Qxc5 9. Qd4 Qa5 10. Bxb8 Rxb8 11. Qe5 Ra8 12. Bd3 O-O 13. Nf3 Bd7 14. O-O
Bb5 15. Bxb5 Qxb5 16. Rab1 Rac8 17. Nd2 Nd7 18. Qh5 Rfe8 19. Qd1 Nf6 20. Qb3
Qxb3 21. Nxb3 Ne4 22. Rbd1 Nd6 23. Nd2 Nc4 24. Nxc4 Rxc4 25. Rd4 Rec8 26. Rxc4
Rxc4 27. Rd1 Ra4 28. a3 Kf8 29. Rd4 Rxd4 30. cxd4 Ke7 31. Kf1 Kd6 32. Ke2 Kc6
33. Kd3 Kb5 34. b3 a5 35. Kc3 a4 36. b4 f6 37. f3 Kc6 38. Kd3 Kb5 39. Kc3
1/2-1/2

[Event "First Saturday 2012 marcius FM"]
[Site "Budapest"]
[Date "2012.03.11"]
[Round "9"]
[White "Gal, Hanna Krisztina"]
[Black "Darazs, Zoltan"]
[Result "1/2-1/2"]
[WhiteElo "1914"]
[BlackElo "2107"]
[PlyCount "49"]
[EventDate "2012.03.03"]

1. d4 Nf6 2. c4 g6 3. Nc3 Bg7 4. e4 d6 5. Be2 O-O 6. f4 c5 7. d5 e6 8. Nf3 exd5
9. cxd5 Re8 10. Qc2 Bd7 11. O-O Na6 12. a3 Qb6 13. Bc4 Rad8 14. Bd2 h6 15. Rad1
Nc7 16. Rfe1 a6 17. h3 Nb5 18. Na4 Qc7 19. e5 Bf5 20. Qc1 Ne4 21. Be3 Qa5 22.
b3 Rc8 23. g4 Bd7 24. Kg2 h5 25. Bg1 1/2-1/2

[Event "First Saturday 2012 marcius FM"]
[Site "Budapest"]
[Date "2012.03.12"]
[Round "10"]
[White "Darazs, Zoltan"]
[Black "Borda, Lajos"]
[Result "1/2-1/2"]
[WhiteElo "2107"]
[BlackElo "2100"]
[PlyCount "30"]
[EventDate "2012.03.03"]

1. e4 c6 2. d4 d5 3. e5 Bf5 4. g4 Bd7 5. Bd3 c5 6. c3 Nc6 7. Be3 h5 8. gxh5 Nh6
9. Nd2 Ng4 10. Qf3 Nxe3 11. fxe3 c4 12. Bc2 e6 13. O-O-O Qh4 14. Ne2 Qxh5 15.
Qxh5 Rxh5 1/2-1/2

[Event "First Saturday 2012 marcius FM"]
[Site "Budapest"]
[Date "2012.03.12"]
[Round "10"]
[White "Havaskori, Laszlo"]
[Black "Gal, Hanna Krisztina"]
[Result "0-1"]
[WhiteElo "1977"]
[BlackElo "1914"]
[PlyCount "20"]
[EventDate "2012.03.03"]

1. d4 Nf6 2. Nf3 e6 3. Bf4 c5 4. c3 Nc6 5. e3 Be7 6. Bd3 O-O 7. O-O b6 8. Nbd2
Bb7 9. Qe2 Nd5 10. Bg3 cxd4 {after 43 move} 0-1